000 01017nam a22002537a 4500
005 20140401102310.0
008 140401s2011 ck abo gr|||| 00| 0 spa d
020 _a9789589771433
041 _aspa
044 _ack
082 _a580.7
_bC26f2
100 1 _aCardona Naranjo, Felipe
_923238
245 1 0 _aFlora de Embalses
_bCentrales Hidroeléctricas de ISAGEN en el Oriente Antioqueño San Carlos, Jaguas y Calderas
_cFelipe Cardona Naranjo, Heriberto David Higuita, Sonia Gómez Hoyos, Francisco Roldán Palacio
260 3 _aMedellín
_bISAGEN
_c2011
300 _a230 p.
_bil., fot., mapas
_c22 cm
504 _aIncluye bibliografía (páginas 228 - 230)
650 4 _aFlora
_vGuía ilustrada
_zColombia
_923239
650 4 _aPlantas vasculares
_vGuía ilustrada
_zColombia
_923240
650 4 _aDentrales Hidroeléctricas San Carlos
_zColombia
_923241
700 1 _aHiguita, Heriberto David
_923161
700 1 _aGómez Hoyos, Sonia
_923242
700 1 _aRoldán Palacio, Francisco
_923243
942 _2ddc
_cImpreso
999 _c8333
_d8333